[Event "3MCR_3DW_1L_1S"]
[Site "?"]
[Date "2009.??.??"]
[Round "?"]
[White "Makovsky, Petr"]
[Black "Hybl, Vladislav"]
[Result "1-0"]
[WhiteElo "2324"]
[BlackElo "2307"]
[Annotator "061"]
[PlyCount "81"]
[EventDate "2009.??.??"]
[EventType "corr"]
[SourceDate "2002.06.29"]

1. e4 c5 2. Nf3 d6 3. d4 cxd4 4. Nxd4 Nf6 5. Nc3 a6 6. Be3 e5 7. Nb3 Be6 8. f3
Be7 9. Qd2 O-O 10. O-O-O Nbd7 11. g4 b5 12. g5 Nh5 13. Nd5 Bxd5 14. exd5 f6 15.
gxf6 Rxf6 16. Na5 Nf4 17. Nc6 Qf8 18. a4 Bd8 19. a5 Bc7 20. Rg1 Nb8 21. Kb1
Nxc6 22. dxc6 Rd8 23. c4 bxc4 24. Bxc4+ d5 25. Bxa6 Rxc6 26. Bb5 Qf5+ 27. Ka2
Rcd6 28. Bxf4 exf4 29. Qc3 Qf7 30. b4 Rh6 31. Ka3 Rxh2 32. Rg5 d4 33. Qb3 Qxb3+
34. Kxb3 Kf7 35. Rf5+ Ke6 36. Bd3 Rh6 37. Rc1 Bb8 38. Rc6+ Kd7 39. Rxh6 gxh6
40. Rd5+ Bd6 41. a6 1-0

[Event "3MCR_3DW_1L_1S"]
[Site "?"]
[Date "2009.??.??"]
[Round "?"]
[White "Sochor, Frantisek"]
[Black "Ryvova, Anna"]
[Result "1/2-1/2"]
[WhiteElo "2375"]
[BlackElo "2315"]
[Annotator "062"]
[PlyCount "72"]
[EventDate "2009.??.??"]
[EventType "corr"]
[SourceDate "2002.06.29"]

1. e4 e6 2. d4 d5 3. Nc3 Nf6 4. Bg5 Be7 5. e5 Nfd7 6. h4 Bxg5 7. hxg5 Qxg5 8.
Qd3 Nf8 9. Nh3 Qh4 10. Nb5 Qe7 11. O-O-O Nc6 12. Qg3 Rg8 13. c4 dxc4 14. Bxc4
a6 15. Nc3 Qb4 16. Bd3 Bd7 17. a3 Qb6 18. d5 Nd4 19. Kb1 h6 20. Nf4 O-O-O 21.
Rxh6 Nb5 22. Bxb5 Bxb5 23. Rhh1 Kb8 24. Qg5 Re8 25. Rhe1 Bc4 26. Ne4 exd5 27.
Nf6 Ne6 28. Nd7+ Ka7 29. Nxb6 Nxg5 30. Nbxd5 Ne6 31. Nxe6 fxe6 32. Ne3 Bb5 33.
b3 Rh8 34. f3 Rh5 35. Ng4 Bc6 36. Kb2 Bd5 1/2-1/2

[Event "3MCR_3DW_1L_3S"]
[Site "?"]
[Date "2009.??.??"]
[Round "?"]
[White "Bares, Jiri"]
[Black "Tyrlik, Jaroslav"]
[Result "1-0"]
[WhiteElo "2234"]
[BlackElo "2039"]
[Annotator "070"]
[PlyCount "93"]
[EventDate "2009.??.??"]
[EventType "corr"]
[SourceDate "2002.06.29"]

1. d4 d5 2. c4 e6 3. Nc3 Nf6 4. Bg5 Nbd7 5. Nf3 h6 6. Bh4 c6 7. e3 Bd6 8. Bd3
dxc4 9. Bxc4 O-O 10. O-O Qc7 11. Qc2 a6 12. a4 b6 13. Rac1 Bb7 14. Rfd1 Ng4 15.
h3 Ngf6 16. Bxf6 Nxf6 17. e4 Bf4 18. Rb1 c5 19. d5 Rae8 20. dxe6 fxe6 21. Qe2
a5 22. Rd3 Qf7 23. Rbd1 Bc7 24. Qe3 Re7 25. b3 Kh8 26. Bb5 Qg6 27. R3d2 Ba8 28.
Nh4 Qh5 29. Nf3 g5 30. e5 Nd5 31. Nxd5 exd5 32. Rxd5 Bxd5 33. Rxd5 Qf7 34. Bc4
Qf5 35. e6 Qb1+ 36. Ne1 Qb2 37. g3 Qf6 38. Rd2 Be5 39. Qe2 Bc3 40. Rd6 Bd4 41.
Nd3 Rb8 42. Kg2 Qf5 43. f3 Qf6 44. Qe4 h5 45. f4 gxf4 46. Rd5 fxg3 47. Rxh5+
1-0

[Event "3MCR_3DW_1L_1S"]
[Site "?"]
[Date "2009.??.??"]
[Round "?"]
[White "Valak, Alois"]
[Black "Jandovsky, Viktor"]
[Result "1-0"]
[WhiteElo "2326"]
[BlackElo "2285"]
[Annotator "063"]
[PlyCount "75"]
[EventDate "2009.??.??"]
[EventType "corr"]
[SourceDate "2002.06.29"]

1. e4 e6 2. d4 d5 3. Nc3 Bb4 4. e5 Ne7 5. a3 Bxc3+ 6. bxc3 c5 7. Qg4 O-O 8. Bd3
Nbc6 9. Nf3 f5 10. Qg5 c4 11. Be2 Qa5 12. Qd2 Qa4 13. h4 Bd7 14. h5 h6 15. Nh4
Be8 16. Qd1 b5 17. Bf4 Qa5 18. Rh3 Bf7 19. Qd2 Kh7 20. Kf1 Rab8 21. g4 fxg4 22.
Bxg4 Qd8 23. Kg2 Qe8 24. Rah1 Ng8 25. Qd1 Rb6 26. Rg3 Nge7 27. Qd2 Rg8 28. Rg1
Nd8 29. Qe2 Ra6 30. Bc1 Ndc6 31. Qf3 Nb8 32. Kh1 Nd7 33. Qg2 Qf8 34. a4 bxa4
35. Ba3 Kh8 36. Kh2 Qd8 37. Bh3 Qf8 38. f4 1-0

[Event "3MCR_3DW_1L_2S"]
[Site "?"]
[Date "2009.??.??"]
[Round "?"]
[White "Kuchta, Jiri"]
[Black "Toman, Antonin"]
[Result "1/2-1/2"]
[WhiteElo "2162"]
[BlackElo "2204"]
[Annotator "062"]
[PlyCount "62"]
[EventDate "2009.??.??"]
[EventType "corr"]
[SourceDate "2002.06.29"]

1. e4 e5 2. Nf3 Nc6 3. Bb5 a6 4. Ba4 Nf6 5. O-O Be7 6. Re1 b5 7. Bb3 O-O 8. c3
d5 9. exd5 Nxd5 10. Nxe5 Nxe5 11. Rxe5 c6 12. d4 Bd6 13. Re1 Qh4 14. g3 Qh3 15.
Be3 Bg4 16. Qd3 Rae8 17. Nd2 Re6 18. a4 Qh5 19. axb5 axb5 20. Qf1 Bh3 21. Bd1
Qf5 22. Qe2 Rfe8 23. Qh5 Qxh5 24. Bxh5 b4 25. Nc4 bxc3 26. bxc3 Nxc3 27. Nxd6
Rxd6 28. Bd2 Rxe1+ 29. Rxe1 g6 30. Bxg6 fxg6 31. Bxc3 Re6 1/2-1/2

[Event "3MCR_3DW_1L_2S"]
[Site "?"]
[Date "2009.??.??"]
[Round "?"]
[White "Toman, Antonin"]
[Black "Cipka, Ivan"]
[Result "1/2-1/2"]
[WhiteElo "2204"]
[BlackElo "2194"]
[Annotator "063"]
[PlyCount "44"]
[EventDate "2009.??.??"]
[EventType "corr"]
[SourceDate "2002.06.29"]

1. e4 e5 2. Nf3 Nf6 3. d4 Nxe4 4. Bd3 d5 5. Nxe5 Nd7 6. Nc3 Nxe5 7. dxe5 Nxc3
8. bxc3 Be7 9. Qh5 c5 10. Bb5+ Kf8 11. Be2 Qa5 12. Bd2 Qa4 13. Bg5 h6 14. Bxe7+
Kxe7 15. O-O Qxc2 16. c4 Be6 17. cxd5 Bxd5 18. Rfc1 Qg6 19. Qxg6 fxg6 20. Rxc5
Bc6 21. Rac1 Rad8 22. Ra5 a6 1/2-1/2

[Event "3MCR_3DW_1L_1S"]
[Site "?"]
[Date "2009.??.??"]
[Round "?"]
[White "Lounek, Jan"]
[Black "Popelka, Miloslav"]
[Result "1/2-1/2"]
[WhiteElo "2406"]
[BlackElo "2260"]
[Annotator "064"]
[PlyCount "75"]
[EventDate "2009.??.??"]
[EventType "corr"]
[SourceDate "2002.06.29"]

1. e4 e5 2. Nf3 Nc6 3. Bb5 a6 4. Ba4 Nf6 5. O-O Be7 6. Re1 b5 7. Bb3 d6 8. c3
O-O 9. h3 Bb7 10. d4 Re8 11. Nbd2 Bf8 12. d5 Nb8 13. Nf1 Nbd7 14. Ng3 Nc5 15.
Bc2 c6 16. b4 Ncd7 17. dxc6 Bxc6 18. Bb3 h6 19. Nh2 a5 20. a3 Bb7 21. Bd2 axb4
22. cxb4 Nb6 23. Ng4 Nc4 24. Nxf6+ Qxf6 25. a4 Nxd2 26. Qxd2 bxa4 27. Rxa4 Qf4
28. Qe2 Rxa4 29. Bxa4 Rd8 30. Qb5 Ba8 31. Bb3 d5 32. exd5 Bxb4 33. Re4 Qc1+ 34.
Kh2 Bd6 35. Rc4 Qd2 36. Qb6 Be7 37. Rg4 Bxd5 38. Bxd5 1/2-1/2

[Event "3MCR_3DW_1L_2S"]
[Site "?"]
[Date "2009.??.??"]
[Round "?"]
[White "Sykora, Josef"]
[Black "Toman, Antonin"]
[Result "1/2-1/2"]
[WhiteElo "2317"]
[BlackElo "2204"]
[Annotator "064"]
[PlyCount "79"]
[EventDate "2009.??.??"]
[EventType "corr"]
[SourceDate "2002.06.29"]

1. d4 d5 2. c4 e6 3. Nc3 Nf6 4. cxd5 exd5 5. Bg5 c6 6. e3 h6 7. Bh4 Be7 8. Qc2
O-O 9. Bd3 Re8 10. Nge2 Nbd7 11. O-O Ne4 12. Bxe7 Qxe7 13. Bxe4 dxe4 14. d5 Nb6
15. Rfd1 cxd5 16. Nxd5 Nxd5 17. Rxd5 b6 18. Qa4 Bg4 19. Nc3 Be6 20. Rdd1 f5 21.
Nd5 Qf7 22. Nf4 Qf6 23. Rd4 Bf7 24. Rad1 a5 25. h3 Red8 26. Qb5 Rxd4 27. Rxd4
Rc8 28. Qd7 Rc1+ 29. Kh2 g5 30. Nd5 Qe5+ 31. g3 Rc2 32. Kg2 f4 33. gxf4 gxf4
34. Nxf4 Rxb2 35. Qg4+ Qg5 36. a4 Rb4 37. Ne2 Rxd4 38. exd4 Be8 39. Nc3 Bd7 40.
Qg3 1/2-1/2

[Event "3MCR_3DW_1L_1S"]
[Site "?"]
[Date "2009.??.??"]
[Round "?"]
[White "Makovsky, Petr"]
[Black "Nepustil, Frantisek"]
[Result "1-0"]
[WhiteElo "2324"]
[BlackElo "2322"]
[Annotator "065"]
[PlyCount "107"]
[EventDate "2009.??.??"]
[EventType "corr"]
[SourceDate "2002.06.29"]

1. e4 c5 2. Nf3 Nc6 3. d4 cxd4 4. Nxd4 Nf6 5. Nc3 e5 6. Ndb5 d6 7. Bg5 a6 8.
Na3 b5 9. Nd5 Be7 10. Bxf6 Bxf6 11. c3 O-O 12. Nc2 Rb8 13. h4 Be7 14. Nce3 Be6
15. a4 Qd7 16. Be2 Bd8 17. axb5 axb5 18. h5 Bg5 19. O-O b4 20. Ra6 bxc3 21.
bxc3 Qc8 22. Qd3 Rd8 23. Rfa1 Ne7 24. Nc4 Bxd5 25. exd5 Qc7 26. Bf1 Rb7 27. Na5
Rb6 28. Nc6 Nxc6 29. Qc4 Rxa6 30. Rxa6 e4 31. g3 e3 32. f4 Bf6 33. dxc6 g5 34.
Qe4 d5 35. Qf5 Bg7 36. Qxg5 h6 37. Qf5 Qc8 38. Qxc8 Rxc8 39. c4 dxc4 40. Bxc4
Kf8 41. Kg2 Ke7 42. Kf3 Kd6 43. Bxf7 Rxc6 44. Ra4 Rc1 45. g4 Ra1 46. Ba2 Rg1
47. Bc4 Ra1 48. Rb4 Bd4 49. Be2 Kc5 50. Rc4+ Kd5 51. Rc8 Bf6 52. Rc7 Ra8 53.
Rf7 Bb2 54. g5 1-0

[Event "3MCR_3DW_1L_2S"]
[Site "?"]
[Date "2009.??.??"]
[Round "?"]
[White "Postl, Rostislav"]
[Black "Hrdy, Roman"]
[Result "1/2-1/2"]
[WhiteElo "2297"]
[BlackElo "2264"]
[Annotator "065"]
[PlyCount "85"]
[EventDate "2009.??.??"]
[EventType "corr"]
[SourceDate "2002.06.29"]

1. e4 c5 2. Nf3 d6 3. d4 cxd4 4. Nxd4 Nf6 5. Nc3 a6 6. Be3 e5 7. Nf3 Be7 8. Bc4
O-O 9. O-O Nc6 10. Qe2 Na5 11. Bb3 Nxb3 12. axb3 h6 13. Rfd1 Qe8 14. Nd2 b5 15.
f3 Qc6 16. b4 Be6 17. Nb3 Rad8 18. Na5 Qa8 19. Bf2 Rfe8 20. Bh4 d5 21. Bxf6
Bxf6 22. exd5 Bxd5 23. Nxd5 Rxd5 24. Qe4 Red8 25. Rxd5 Qxd5 26. Qxd5 Rxd5 27.
Nb3 Rd6 28. Kf2 Bg5 29. Re1 Rd5 30. g3 h5 31. Nc5 Bd2 32. Rd1 Be3+ 33. Ke2 Rxd1
34. Kxd1 Bxc5 35. bxc5 Kf8 36. b4 Ke7 37. Kd2 Ke6 38. g4 hxg4 39. fxg4 g5 40.
Kd3 Kd5 41. Kc3 Kc6 42. Kb2 f6 43. Kc3 1/2-1/2

[Event "3MCR_3DW_1L_2S"]
[Site "?"]
[Date "2009.??.??"]
[Round "?"]
[White "Mezera, Lukas"]
[Black "Kyhos, Alois"]
[Result "1-0"]
[WhiteElo "2213"]
[BlackElo "2146"]
[Annotator "066"]
[PlyCount "103"]
[EventDate "2009.??.??"]
[EventType "corr"]
[SourceDate "2002.06.29"]

1. e4 e5 2. Nf3 d6 3. d4 exd4 4. Nxd4 Nf6 5. Nc3 Be7 6. Bf4 O-O 7. Qd2 Nc6 8.
O-O-O Nxd4 9. Qxd4 Be6 10. f3 a6 11. g4 b5 12. h4 c6 13. h5 Ne8 14. h6 g6 15.
Be2 Bf6 16. e5 Bh8 17. Bg3 Qa5 18. a3 Rb8 19. Qa7 Rd8 20. Ne4 b4 21. Qxa6 Qxa6
22. Bxa6 bxa3 23. bxa3 Ra8 24. Bb7 Rxa3 25. Bxc6 dxe5 26. Bh4 Ra6 27. Bb5 Ra5
28. Bd3 f5 29. gxf5 Rxf5 30. Kd2 Bd5 31. Ke3 Nc7 32. c4 Bc6 33. Ra1 Rxa1 34.
Rxa1 Rf8 35. Be7 Ra8 36. Rxa8+ Bxa8 37. Ng5 Ne8 38. c5 Bd5 39. c6 Bg7 40. hxg7
Bxc6 41. Bb4 h6 42. Ne6 Nxg7 43. Nd8 Be8 44. Ke4 g5 45. Kxe5 Nh5 46. Bd2 Kf8
47. Bc4 Ke7 48. Ne6 Bc6 49. Nd4 Ba8 50. Kf5 Bb7 51. Bb4+ Ke8 52. Kg6 1-0

[Event "3MCR_3DW_1L_3S"]
[Site "?"]
[Date "2009.??.??"]
[Round "?"]
[White "Ryska, Jiri"]
[Black "Portych, Vaclav"]
[Result "1/2-1/2"]
[WhiteElo "2104"]
[BlackElo "2219"]
[Annotator "071"]
[PlyCount "80"]
[EventDate "2009.??.??"]
[EventType "corr"]
[SourceDate "2002.06.29"]

1. e4 c5 2. Nf3 Nc6 3. Bb5 d6 4. d4 cxd4 5. Nxd4 Bd7 6. O-O Nf6 7. Nc3 g6 8.
Nd5 Bg7 9. Nxf6+ Bxf6 10. Be3 O-O 11. c3 Ne5 12. Bxd7 Qxd7 13. f4 Nc4 14. Bc1
Bg7 15. b3 Nb6 16. c4 e6 17. Qd2 Rad8 18. Bb2 e5 19. Ne2 f5 20. exf5 Rxf5 21.
Rad1 Qc7 22. a4 Qc5+ 23. Kh1 Re8 24. fxe5 Rxf1+ 25. Rxf1 dxe5 26. a5 Nc8 27.
Qd7 Nd6 28. Rd1 Rf8 29. Ng3 Nf7 30. Qxb7 Qxa5 31. Bc1 Nd6 32. Qe7 Nf7 33. Ba3
Qb6 34. Rd3 e4 35. Qxe4 Qa5 36. Bc1 Qe5 37. h3 Re8 38. Re3 Rd8 39. Qc2 Qd6 40.
Ne2 Bh6 1/2-1/2

[Event "3MCR_3DW_1L_1S"]
[Site "?"]
[Date "2009.??.??"]
[Round "?"]
[White "Pecka, Josef"]
[Black "Kaas, Jaroslav"]
[Result "0-1"]
[WhiteElo "2270"]
[BlackElo "1800"]
[Annotator "066"]
[PlyCount "86"]
[EventDate "2009.??.??"]
[EventType "corr"]
[SourceDate "2002.06.29"]

1. e4 e5 2. f4 exf4 3. Bc4 Nc6 4. Nf3 g5 5. O-O d6 6. d4 h6 7. Nc3 Bg7 8. Nd5
Nf6 9. c3 Nxd5 10. Bxd5 O-O 11. g3 fxg3 12. hxg3 Qe7 13. Qd3 Na5 14. a3 c6 15.
Ba2 c5 16. e5 c4 17. Bxc4 Nxc4 18. Qxc4 dxe5 19. dxe5 Qd7 20. Qe2 b6 21. Be3
Qg4 22. Qg2 Bb7 23. Bd4 f6 24. e6 Rae8 25. Rae1 h5 26. Rf2 h4 27. Kh2 Rxe6 28.
Qh3 hxg3+ 29. Qxg3 Qh5+ 30. Qh3 Qxh3+ 31. Kxh3 Rxe1 32. Nxe1 f5 33. Nc2 Be4 34.
Rh2 Rd8 35. Kg3 Kf7 36. a4 Bf8 37. Re2 Re8 38. Kf2 f4 39. a5 bxa5 40. Bxa7 g4
41. Ne1 Kg6 42. Rd2 g3+ 43. Kf1 f3 0-1

[Event "3MCR_3DW_1L_1S"]
[Site "?"]
[Date "2009.??.??"]
[Round "?"]
[White "Binas, Jindrich"]
[Black "Jandovsky, Viktor"]
[Result "1-0"]
[WhiteElo "2249"]
[BlackElo "2285"]
[Annotator "067"]
[PlyCount "101"]
[EventDate "2009.??.??"]
[EventType "corr"]
[SourceDate "2002.06.29"]

1. e4 e6 2. d4 d5 3. Nc3 Nf6 4. Bg5 dxe4 5. Nxe4 Be7 6. Bxf6 gxf6 7. Nf3 b6 8.
Bc4 Bb7 9. Qe2 c6 10. O-O Qc7 11. Ng3 Nd7 12. a4 h5 13. Rfe1 O-O-O 14. a5 bxa5
15. Nf5 Bf8 16. Ne3 Kb8 17. Ba6 Ba8 18. Red1 Rg8 19. Rd3 c5 20. Rb3+ Nb6 21.
dxc5 Qxc5 22. Kf1 f5 23. g3 h4 24. Nc4 hxg3 25. fxg3 Qc7 26. Nxa5 Bg7 27. Ra4
Qd7 28. Ra1 Qc7 29. Ra4 Rd5 30. Nc4 Rgd8 31. Rab4 Bd4 32. Nxd4 Rxd4 33. Rc3
Rd1+ 34. Kf2 Rh8 35. Qxd1 Rxh2+ 36. Ke1 Rh1+ 37. Ke2 Rxd1 38. Kxd1 Qc5 39. Nxb6
Qg1+ 40. Ke2 axb6 41. Rc8+ Ka7 42. Ra4 Qg2+ 43. Ke1 Qxg3+ 44. Kd2 b5 45. Bxb5+
Kb6 46. Raxa8 Qf4+ 47. Kc3 Kxb5 48. Kb3 Kb6 49. Rab8+ Ka7 50. Rb4 Qd6 51. Rc3
1-0

[Event "3MCR_3DW_1L_2S"]
[Site "?"]
[Date "2009.??.??"]
[Round "?"]
[White "Postl, Rostislav"]
[Black "Kuchta, Jiri"]
[Result "1/2-1/2"]
[WhiteElo "2297"]
[BlackElo "2162"]
[Annotator "067"]
[PlyCount "60"]
[EventDate "2009.??.??"]
[EventType "corr"]
[SourceDate "2002.06.29"]

1. e4 e5 2. Nf3 Nc6 3. Bb5 a6 4. Ba4 Nf6 5. O-O Be7 6. Re1 b5 7. Bb3 d6 8. h3
O-O 9. a4 b4 10. d3 Na5 11. Ba2 c5 12. Nbd2 Be6 13. Nc4 Nxc4 14. Bxc4 Nd7 15.
Bxe6 fxe6 16. Be3 Qe8 17. Nd2 d5 18. Nf3 Qg6 19. Bc1 Rf7 20. exd5 exd5 21. Rxe5
Raf8 22. Re3 d4 23. Re4 Rxf3 24. Rg4 Qc6 25. gxf3 Ne5 26. f4 Nf3+ 27. Kg2 Ne5+
28. Kg1 Nf3+ 29. Kg2 Ne5+ 30. Kg1 Nf3+ 1/2-1/2

[Event "3MCR_3DW_1L_2S"]
[Site "?"]
[Date "2009.??.??"]
[Round "?"]
[White "Blecha, Miroslav"]
[Black "Krouzel, Jaroslav"]
[Result "1/2-1/2"]
[WhiteElo "2298"]
[BlackElo "2277"]
[Annotator "068"]
[PlyCount "58"]
[EventDate "2009.??.??"]
[EventType "corr"]
[SourceDate "2002.06.29"]

1. e4 e6 2. d4 d5 3. Nc3 Bb4 4. e5 c5 5. a3 Bxc3+ 6. bxc3 Ne7 7. a4 Nbc6 8. Nf3
Qa5 9. Bd2 Bd7 10. Be2 f6 11. c4 Qc7 12. exf6 gxf6 13. cxd5 Nxd5 14. dxc5 O-O-O
15. a5 a6 16. O-O Rhg8 17. c4 Nde7 18. Qc2 e5 19. Rfd1 Bf5 20. Qb2 Bg4 21. g3
h5 22. Bc3 Nf5 23. Rxd8+ Rxd8 24. Qb1 Nce7 25. Qe4 Qc6 26. Qxc6+ Nxc6 27. Kg2
Nfd4 28. Bxd4 exd4 29. h3 d3 1/2-1/2

[Event "3MCR_3DW_1L_3S"]
[Site "?"]
[Date "2009.??.??"]
[Round "?"]
[White "Cakl, Miloslav"]
[Black "Svoboda, Frantisek"]
[Result "1/2-1/2"]
[WhiteElo "2041"]
[BlackElo "2374"]
[Annotator "072"]
[PlyCount "98"]
[EventDate "2009.??.??"]
[EventType "corr"]
[SourceDate "2002.06.29"]

1. e4 e6 2. d4 d5 3. e5 c5 4. Nf3 cxd4 5. Nxd4 Nc6 6. Nxc6 bxc6 7. Bd3 Qc7 8.
Qe2 Ne7 9. Nd2 c5 10. b3 Nc6 11. Nf3 Nb4 12. Bb5+ Bd7 13. Bxd7+ Qxd7 14. h3 a5
15. Bg5 Qb7 16. O-O h6 17. Bh4 a4 18. Rfc1 Qa6 19. Qd1 c4 20. Rcb1 Bc5 21. a3
Nxc2 22. Qxc2 axb3 23. Rxb3 cxb3 24. Qxc5 g5 25. Nxg5 Rc8 26. Qb4 Qc4 27. Rb1
Qxb4 28. axb4 hxg5 29. Bxg5 Rh5 30. h4 Rc4 31. Rxb3 Kd7 32. Kf1 Kc7 33. g3 Kb7
34. b5 Kb6 35. Kg2 Rh8 36. Bf6 Rh6 37. Rb2 Rh7 38. Kf3 Rc5 39. Bd8+ Kb7 40. g4
Rc3+ 41. Kg2 Rh8 42. Bg5 Ra8 43. f3 d4 44. h5 Raa3 45. Rf2 d3 46. Kg3 Rc2 47.
Bd2 Raa2 48. h6 Rxd2 49. Rxd2 Rxd2 1/2-1/2

[Event "3MCR_3DW_1L_3S"]
[Site "?"]
[Date "2009.??.??"]
[Round "?"]
[White "Glaser, Karel"]
[Black "Ryska, Jiri"]
[Result "1-0"]
[WhiteElo "2202"]
[BlackElo "2104"]
[Annotator "073"]
[PlyCount "121"]
[EventDate "2009.??.??"]
[EventType "corr"]
[SourceDate "2002.06.29"]

1. e4 e5 2. Nf3 Nc6 3. Bb5 a6 4. Ba4 Nf6 5. O-O Be7 6. Re1 b5 7. Bb3 d6 8. c3
O-O 9. h3 Nb8 10. d3 Nbd7 11. Nbd2 Bb7 12. Nf1 Nc5 13. Bc2 Re8 14. Be3 Ncd7 15.
Ng3 d5 16. exd5 Nxd5 17. Bd2 Bf8 18. b4 c5 19. bxc5 Bxc5 20. d4 exd4 21. Rxe8+
Qxe8 22. cxd4 Bf8 23. Qf1 N7f6 24. Qd3 Rc8 25. Ne5 b4 26. Re1 Rc7 27. Nh5 Qc8
28. Nxf6+ Nxf6 29. Bb3 Nd5 30. h4 Qd8 31. h5 Qh4 32. Rc1 Rxc1+ 33. Bxc1 Qe7 34.
Bd2 Qe6 35. h6 Bd6 36. Qg3 g6 37. Qf3 Bxe5 38. dxe5 Qxe5 39. Qd3 Kf8 40. Bxb4+
Nxb4 41. Qd8+ Qe8 42. Qd6+ Kg8 43. Qxb4 Qe4 44. Qxe4 Bxe4 45. f3 Bb1 46. Kf2
Kf8 47. Ke3 Ke7 48. Kd4 g5 49. Kc5 f5 50. a4 a5 51. Bc4 Bc2 52. Kb5 f4 53. Kxa5
Kf6 54. Kb5 Bxa4+ 55. Kxa4 Kg6 56. Kb4 Kxh6 57. Bd3 Kg7 58. Kc5 h6 59. Kd5 Kf6
60. Bc2 h5 61. Ke4 1-0

[Event "3MCR_3DW_1L_3S"]
[Site "?"]
[Date "2009.??.??"]
[Round "?"]
[White "Glaser, Karel"]
[Black "Svoboda, Frantisek"]
[Result "0-1"]
[WhiteElo "2202"]
[BlackElo "2374"]
[Annotator "074"]
[PlyCount "118"]
[EventDate "2009.??.??"]
[EventType "corr"]
[SourceDate "2002.06.29"]

1. e4 e6 2. d4 d5 3. Nc3 Nf6 4. e5 Nfd7 5. f4 c5 6. Nf3 Nc6 7. Be3 cxd4 8. Nxd4
Bc5 9. Qd2 O-O 10. O-O-O a6 11. h4 Nxd4 12. Bxd4 b5 13. h5 b4 14. Ne2 a5 15.
Kb1 Qb6 16. Rh3 Ba6 17. Rg3 Bxe2 18. Bxe2 h6 19. c4 dxc4 20. Bxc4 Bxd4 21. Qxd4
Nc5 22. Rgd3 Rac8 23. R3d2 Qb7 24. Rc2 a4 25. Be2 Qxg2 26. Qxb4 Na6 27. Qxa4
Nb4 28. Rcd2 Qe4+ 29. Bd3 Qxf4 30. Bc2 Qc4 31. b3 Qc3 32. Be4 Rfe8 33. Qa3 Nd5
34. Qb2 Qe3 35. Bxd5 exd5 36. Rxd5 Qe4+ 37. Ka1 Rc2 38. Qb1 Qe2 39. a4 Kf8 40.
Re1 Qg2 41. b4 Rec8 42. Rc5 R2xc5 43. bxc5 Qd2 44. Qe4 Qc3+ 45. Ka2 Qxc5 46.
Rb1 Kg8 47. Rb2 Qe7 48. e6 fxe6 49. Rb6 e5 50. Rb5 Re8 51. a5 Kh8 52. Kb3 Qe6+
53. Qc4 Qh3+ 54. Kb4 Qd7 55. Rc5 e4 56. Rc7 Qd6+ 57. Qc5 Qf4 58. Rc8 e3+ 59.
Kc3 Qa4 0-1

[Event "3MCR_3DW_1L_3S"]
[Site "?"]
[Date "2009.??.??"]
[Round "?"]
[White "Bares, Jiri"]
[Black "Pravec, Ladislav"]
[Result "0-1"]
[WhiteElo "2234"]
[BlackElo "2338"]
[Annotator "075"]
[PlyCount "70"]
[EventDate "2009.??.??"]
[EventType "corr"]
[SourceDate "2002.06.29"]

1. d4 Nf6 2. c4 g6 3. Nc3 Bg7 4. e4 d6 5. f3 O-O 6. Be3 a6 7. Qd2 Nc6 8. Nge2
Rb8 9. Nc1 e5 10. d5 Nd4 11. Nb3 Nxb3 12. axb3 c5 13. b4 cxb4 14. Na4 b5 15.
Qxb4 Bd7 16. cxb5 Bxb5 17. Bxb5 Rxb5 18. Qd2 Qb8 19. O-O Nd7 20. Rfc1 f5 21.
exf5 gxf5 22. Rc6 e4 23. fxe4 Ne5 24. Rxa6 Nc4 25. Qe2 Nxe3 26. Qxe3 fxe4 27.
Qxe4 Qb7 28. Rc6 Rb4 29. Qe1 Rbf4 30. h3 Be5 31. Nc3 Qxb2 32. Rb1 Qc2 33. Qe2
Qf5 34. Qe1 Qd3 35. Ne2 Rf2 0-1

[Event "3MCR_3DW_1L_3S"]
[Site "?"]
[Date "2009.??.??"]
[Round "?"]
[White "Janocko, Petr"]
[Black "Pravec, Ladislav"]
[Result "1-0"]
[WhiteElo "2193"]
[BlackElo "2338"]
[Annotator "076"]
[PlyCount "57"]
[EventDate "2009.??.??"]
[EventType "corr"]
[SourceDate "2002.06.29"]

1. d4 Nf6 2. c4 g6 3. Nc3 Bg7 4. e4 d6 5. f3 O-O 6. Be3 c5 7. Nge2 Nc6 8. d5
Na5 9. b3 Rb8 10. Rc1 Bd7 11. Ng3 a6 12. Bd3 b5 13. O-O bxc4 14. bxc4 Ne8 15.
f4 Qc7 16. Qe2 Rb7 17. Nd1 Rb4 18. Bd2 Bd4+ 19. Kh1 Ra4 20. Bc3 f6 21. f5 Ng7
22. e5 gxf5 23. e6 Be8 24. Nxf5 Nxf5 25. Bxf5 Kh8 26. Rf3 Bh5 27. Qe4 Bxf3 28.
Qxf3 Rg8 29. Qh5 1-0

[Event "3MCR_3DW_1L_1S"]
[Site "?"]
[Date "2009.??.??"]
[Round "?"]
[White "Hybl, Vladislav"]
[Black "Ryvova, Anna"]
[Result "1/2-1/2"]
[WhiteElo "2307"]
[BlackElo "2315"]
[Annotator "068"]
[PlyCount "61"]
[EventDate "2009.??.??"]
[EventType "corr"]
[SourceDate "2002.06.29"]

1. e4 e6 2. d4 d5 3. Nd2 Nf6 4. e5 Nfd7 5. Bd3 c5 6. c3 Nc6 7. Ne2 cxd4 8. cxd4
f6 9. exf6 Nxf6 10. O-O Bd6 11. Nf3 Qc7 12. Bg5 O-O 13. Bh4 Nh5 14. Qc2 h6 15.
Bh7+ Kh8 16. Bg6 Rxf3 17. Bxh5 Rf8 18. Bg3 Bd7 19. Rac1 Be8 20. Bg4 Bf7 21.
Rfe1 Rae8 22. Qd2 Bxg3 23. hxg3 Qb6 24. Rc3 Re7 25. f4 a6 26. Rb3 Qa5 27. Qxa5
Nxa5 28. Rc3 Nc6 29. Kf2 g5 30. Bf3 Kg7 31. a3 1/2-1/2

[Event "3MCR_3DW_1L_1S"]
[Site "?"]
[Date "2009.??.??"]
[Round "?"]
[White "Binas, Jindrich"]
[Black "Ryvova, Anna"]
[Result "1/2-1/2"]
[WhiteElo "2249"]
[BlackElo "2315"]
[Annotator "069"]
[PlyCount "71"]
[EventDate "2009.??.??"]
[EventType "corr"]
[SourceDate "2002.06.29"]

1. e4 e6 2. d4 d5 3. Nc3 Nf6 4. Bg5 Be7 5. e5 Nfd7 6. h4 Bxg5 7. hxg5 Qxg5 8.
Nh3 Qe7 9. Nf4 Nc6 10. Qg4 g6 11. O-O-O h5 12. Qf3 Nb6 13. g4 h4 14. Nh3 Bd7
15. g5 O-O-O 16. Qf4 Na5 17. Ng1 Nac4 18. a3 c5 19. Nf3 cxd4 20. Qxd4 h3 21.
Bxh3 Kb8 22. Bg2 Nxb2 23. Rxh8 Rxh8 24. Kxb2 Nc4+ 25. Ka1 Rc8 26. Ne1 Nxa3 27.
Bf1 Qxg5 28. Nb1 Nxc2+ 29. Nxc2 Rxc2 30. Bd3 Rc7 31. Nd2 b6 32. Nb3 Qh5 33. Re1
Qh6 34. Qb4 Qh3 35. Re3 Qg2 36. Re2 1/2-1/2

[Event "3MCR_3DW_1L_2S"]
[Site "?"]
[Date "2009.??.??"]
[Round "?"]
[White "Zahour, Jiri"]
[Black "Kyhos, Alois"]
[Result "1-0"]
[WhiteElo "2321"]
[BlackElo "2146"]
[Annotator "069"]
[PlyCount "137"]
[EventDate "2009.??.??"]
[EventType "corr"]
[SourceDate "2002.06.29"]

1. e4 e5 2. Nf3 d6 3. d4 exd4 4. Nxd4 Nf6 5. Nc3 Be7 6. Qf3 O-O 7. Nf5 Bxf5 8.
Qxf5 Qd7 9. Qxd7 Nbxd7 10. Bf4 Nc5 11. f3 Ne6 12. Bg3 c6 13. O-O-O Rfd8 14. Bf2
d5 15. exd5 cxd5 16. g3 b6 17. Bb5 Rac8 18. Ba6 Rb8 19. g4 Bd6 20. Bd3 Be5 21.
Ne2 a6 22. h4 b5 23. Kb1 Nd7 24. Rhe1 g6 25. h5 Ndc5 26. hxg6 fxg6 27. Bf5 Bf6
28. Nc1 Kf7 29. Nd3 d4 30. Ne5+ Bxe5 31. Rxe5 gxf5 32. gxf5 Rbc8 33. fxe6+ Nxe6
34. Bh4 Rg8 35. Rf5+ Ke8 36. Re1 Rc6 37. f4 Rg2 38. Rf6 Rh2 39. Rh6 Kf7 40. f5
Rcxc2 41. fxe6+ Kg7 42. Bg5 Rxb2+ 43. Kc1 Rbe2 44. Rxe2 Rxe2 45. Kd1 d3 46. a3
a5 47. e7 Rxe7 48. Rb6 Re2 49. Rxb5 h5 50. Rxa5 Ra2 51. Ra6 Rg2 52. Bd8 Ra2 53.
a4 Kf7 54. a5 Ke8 55. Ra8 Kd7 56. Bb6 Kc6 57. Rc8+ Kb7 58. Rh8 Ka6 59. Rxh5 Kb7
60. Rd5 Ra3 61. Kc1 Kc6 62. Rd8 Kb7 63. Kb2 Ra4 64. Rxd3 Kc6 65. Rb3 Kb7 66.
Bd4+ Ka8 67. Bc3 Rd4 68. Rb6 Re4 69. Kb3 1-0

[Event "3MCR_3DW_1L_2S"]
[Site "?"]
[Date "2009.??.??"]
[Round "?"]
[White "Kyhos, Alois"]
[Black "Blecha, Miroslav"]
[Result "1/2-1/2"]
[WhiteElo "2146"]
[BlackElo "2298"]
[Annotator "070"]
[PlyCount "72"]
[EventDate "2009.??.??"]
[EventType "corr"]
[SourceDate "2002.06.29"]

1. e4 c5 2. c3 Nf6 3. e5 Nd5 4. Nf3 Nc6 5. Bc4 Nb6 6. Bb3 c4 7. Bc2 Qc7 8. Qe2
g5 9. e6 dxe6 10. Nxg5 Qe5 11. d4 cxd3 12. Bxd3 Qxe2+ 13. Bxe2 h6 14. Ne4 e5
15. a4 Nd5 16. Bc4 Nc7 17. O-O f5 18. Ng3 Bd7 19. Na3 O-O-O 20. Re1 f4 21. Ne4
Bf5 22. b4 Nd5 23. Bxd5 Rxd5 24. f3 Rg8 25. Nc4 h5 26. b5 Nd8 27. Ba3 Nf7 28.
Rad1 Rxd1 29. Rxd1 h4 30. Kf2 h3 31. Rg1 Be6 32. Ned2 hxg2 33. Rxg2 Rh8 34. Bc5
b6 35. Bb4 Bh3 36. Rg1 Bf5 1/2-1/2